Постановление Комитета обороны при СНК СССР "О строительстве базы Северного флота „Иоканьга“"

RUSMARC
00004715cbm0a2200313#x 450
001ee55ea15-b014-474b-9f38-492b3e36664b
00520210316121531.0
100##$a20210224j19401010k###0rusy50 ca
1010#$arus
102##$aRU
105##$ay###z########
1220#$ad19401010##
2001#$aПостановление Комитета обороны при СНК СССР "О строительстве базы Северного флота „Иоканьга“"
$j10 октября 1940 г.
251##$cДокумент
300##$aПодлинник
461#0$12001
$aФ. Р-8418
$1251
$cФонд
$1852
$jР-8418
462#0$12001
$aОп. 28
$1251
$cОпись
$1852
$j28
462#0$12001
$aД. 122
$vЛ. 46
$1251
$cДело
$1852
$j122
60102$2prlib_sh
$3LIBNET\UAF\0000093603
$aИоканьгская военно-морская база
$jДокументы и материалы
60102$2prlib_sh
$3LIBNET\UAF\0000093604
$aСеверный флот
$xБазирование
$z1939-1941
$jДокументы и материалы
605##$2prlib_sh
$3LIBNET\UAF\0000088514
$aВторая мировая война в архивных документах (Комплекс оцифрованных архивных документов, кино- и фотоматериалов)
$lколлекция
6061#$2prlib_sh
$3LIBNET\UAF\0000093605
$aВоенно-морские базы советские
$yБелое море
$jДокументы и материалы
686##$a63.3(2)621-35ю11
$vLBC/M
$2rubbk
686##$a68.531.5ю11
$vLBC/M
$2rubbk
801#0$aRU
$bПБ им. Б.Н. Ельцина
$c20210224
801#1$aRU
$bПБ им. Б.Н. Ельцина
$c20210224
$2rusmarc
801#2$aRU
$bПБ им. Б.Н. Ельцина
$c20210316
$2rusmarc
850##$aГосударственный архив Российской Федерации
852##$aГА РФ
$jЛ. 46
035##$aLIBNET\0001132846
937##$d158443830
$hФедеральное архивное агентство
8564#$uhttp://readingroom.main.prlib.ru/item.aspx?id_node=n158443830&mode=full
Формат отображения